| 000 | 00475nam a2200169 a 4500 | ||
|---|---|---|---|
| 005 | 20240601063648.0 | ||
| 008 | 991125s1954 ea 000 0 eng u | ||
| 035 | _aUPN01000018551 | ||
| 049 | _aCG | ||
| 050 | 4 |
_aLB1051 _bC7.8 |
|
| 100 | 1 |
_aCronbach, Lee Joseph, _d1916-2001 _930907 |
|
| 245 | 1 | 0 |
_aEducational psychology / _cby Lee J. Cronbach. |
| 260 |
_aNew York : _bHarcourt Brace, _c1954. |
||
| 300 |
_a628 p. : _bil. |
||
| 650 | 4 |
_aPsicopedagogía _95085 |
|
| 905 | _aLibro | ||
| 999 |
_c18551 _d18551 |
||